000 01108cam a2200253 4500
001 L127680
008 030120n2004 000 0 eng u
020 _a1843182025
022 _a1477-2558
035 _a(Sirsi) u127680
041 _aeng.
050 _a650.14
_c18
245 _aTarget property 2005
260 _aWallingford
_bGTI Specialist Publishers
_c2004
300 _a80p.
_c27cm.
520 _aProvides advice for graduates of all disciplines seeking jobs in the property sector. Includes tables of potential employers to approach, and discusses what employers are looking for in their graduates. Gives an insight into the different sectors of the industry, offers guidance on writing applications, and looks at postgraduate options. Further information and guidance is given at www.doctorjob.com/property.
650 _aPROPERTY CAREERS
650 _aCAREERS GUIDANCE
650 _aGRADUATES
690 _aEDUCATION-CAREERS
700 _aOwen, Rhys
_xEditor
856 _uhttps://targetjobs.co.uk/construction
_zView the website free of charge at www.targetjobs.co.uk
942 _n0
999 _c103812
_d103812